|
|
|
|
| LEADER |
01506nam a2200349 a 4500 |
| 001 |
EBC837593 |
| 003 |
MiAaPQ |
| 005 |
20200520144314.0 |
| 006 |
m o d | |
| 007 |
cr cn||||||||| |
| 008 |
120612s2012 nju s 001 0 eng d |
| 020 |
|
|
|z 9781118176832
|
| 020 |
|
|
|a 9781118227138 (electronic bk.)
|
| 035 |
|
|
|a (MiAaPQ)EBC837593
|
| 035 |
|
|
|a (Au-PeEL)EBL837593
|
| 035 |
|
|
|a (CaPaEBR)ebr10565175
|
| 035 |
|
|
|a (CaONFJC)MIL362209
|
| 035 |
|
|
|a (OCoLC)816351242
|
| 040 |
|
|
|a MiAaPQ
|c MiAaPQ
|d MiAaPQ
|
| 050 |
|
4 |
|a HD57.7
|b .S73 2012
|
| 100 |
1 |
|
|a Staver, Michael.
|
| 245 |
1 |
0 |
|a Leadership isn't for cowards
|h [electronic resource] :
|b how to drive performance by challenging people and confronting problems /
|c Mike Staver.
|
| 260 |
|
|
|a Hoboken, N.J. :
|b John Wiley & Sons,
|c 2012.
|
| 300 |
|
|
|a ix, 230 p.
|
| 500 |
|
|
|a Includes index.
|
| 505 |
0 |
|
|a section 1. You are messing with people's lives -- section 2. Accept your circumstances -- section 3. Take action -- section 4. Take responsibility -- section 5. Acknowledge progress -- section 6. Commit to new habits -- Section 7. Kindle -- section 8. Now what?
|
| 533 |
|
|
|a Electronic reproduction. Ann Arbor, MI : ProQuest, 2015. Available via World Wide Web. Access may be limited to ProQuest affiliated libraries.
|
| 650 |
|
0 |
|a Leadership.
|
| 650 |
|
0 |
|a Management.
|
| 655 |
|
4 |
|a Electronic books.
|
| 710 |
2 |
|
|a ProQuest (Firm)
|
| 856 |
4 |
0 |
|u https://ebookcentral.proquest.com/lib/matrademy/detail.action?docID=837593
|z Click to View
|